[Event "IIFL Wealth 4th Mumbai GM"]
[Site "Mumbai"]
[Date "2019.01.07"]
[Round "9"]
[White "Raghunandan, Kaumandur Srihari"]
[Black "Navalgund, Niranjan"]
[Result "0-1"]
[WhiteElo "2378"]
[BlackElo "2240"]
[Annotator "TA"]
[PlyCount "108"]
[EventDate "2018.12.30"]
[EventType "swiss"]
[EventCountry "IND"]
[SourceTitle "playchess.com"]
[Source "ChessBase"]
[SourceQuality "1"]

{[%evp 31,108,42,72,39,27,40,34,-33,-19,-18,25,25,20,31,68,52,66,89,304,298,368,275,324,306,312,196,201,235,262,241,312,329,416,416,377,401,381,386,399,202,194,0,0,0,7,0,0,0,0,0,0,0,0,0,2,6,3,10,70,71,239,233,263,291,320,230,228,221,188,193,208,215,210,0,0,0,0,-29997,-29998]} 1. Nf3 Nf6 2. c4 g6 3. Nc3 Bg7 4. e4 d6 5. d4 O-O 6. Be2 e5 7. O-O Nc6 8. d5 Ne7 9. Ne1 Nd7 10. Be3 f5 11. f3 f4 12. Bf2 g5 13. Nd3 Nf6 14. c5 Rf7 15. Rc1 Ng6 16. Kh1 {E99: King's Indian: Classical Main Line: 9 Ne1 Nd7 10 f3 f5} h5 {LiveBook: 12 Games} (16... Bf8 17. Rg1 Rg7 18. b4 h5 19. Qd2 g4 20. g3 fxg3 21. Rxg3 a5 22. a3 axb4 23. axb4 c6 24. dxc6 bxc6 25. cxd6 Qxd6 {½-½ (41) Lenderman,A (2599)-Nakamura,H (2787) Saint Louis 2018}) 17. cxd6 cxd6 18. Nb5 {White has an edge.} a6 19. Na7 (19. Nc3 $14) 19... Bd7 $15 20. Qb3 {[#]} Qb8 $146 ({Predecessor:} 20... g4 21. Qb6 Qxb6 22. Bxb6 h4 23. Nf2 h3 24. gxh3 gxf3 25. Bxf3 {0-1 (48) Kjartansson,G (2447)-Kovalev,V (2540) Riga 2015}) 21. Qb6 Ne8 22. Rc4 g4 23. Rfc1 g3 24. Bg1 Rxa7 $2 (24... h4 $16 {is a better defense.}) 25. Qxa7 $18 Qd8 26. R4c2 Qg5 27. Ne1 ({Don't play} 27. Qxb7 gxh2 28. Bxh2 Bh3 $18) 27... gxh2 28. Bb6 h4 29. Qxb7 Nf6 {[%cal Be8f6,Bf6h5,Bh5g3][%mdl 32]} 30. Qxa6 Nh5 31. Bb5 ({Not} 31. Bf2 h3 $16) 31... Ng3+ 32. Kxh2 Bxb5 33. Qxb5 Bf8 34. Rc7 Ne7 35. Rxe7 (35. Bf2 $142) 35... Bxe7 36. Rc8+ $2 ({Better is} 36. Qd7 $1 $18) 36... Bf8 $1 $11 37. Bf2 {And now Qa6 would win.} h3 $1 {[%cal Rh3g2]} 38. gxh3 {Black must now prevent Qa6.} Rh7 39. Rxf8+ Kxf8 40. Qb8+ {[%mdl 64] Double Attack} Kg7 41. Qc7+ Kg8 42. Qc8+ Kg7 43. Ng2 Nf1+ 44. Kg1 Nd2 ({Black should play} 44... Ne3 $1 $11 45. Bxe3 fxe3) 45. Qc3 $14 Rxh3 $2 (45... Qh5 $16 46. Nh4 (46. Qxd2 Qxh3 47. Bh4 Qxf3 $16) 46... Qg5+ 47. Kh1 Nxe4 48. fxe4 Rxh4) 46. Qxd2 $18 {Hoping for Qc3.} Rxf3 {[#]} 47. Qc2 $1 Qg6 48. Qc7+ Kg8 49. Qd8+ Kg7 50. Qe7+ Kh8 {Black hopes to continue with ...Rd3.} 51. Bh4 Rd3 {[#]} 52. Bf6+ $2 (52. Qf6+ $1 $18 Kh7 53. Qxg6+ Kxg6 54. Be7) 52... Kg8 $11 53. Qe6+ Kh7 {( -> ...Rd1+)} 54. Kh2 $2 {[%mdl 8192]} (54. Bh4 $11 Rd1+ 55. Kh2) 54... Qg3+ {Accuracy: White = 60%, Black = 50%.} 0-1

[Event "IIFL Wealth 4th Mumbai GM"]
[Site "Mumbai"]
[Date "2019.01.07"]
[Round "9"]
[White "Kulkarni, Vikramaditya"]
[Black "Harshavardhan G B"]
[Result "1/2-1/2"]
[WhiteElo "2345"]
[BlackElo "2163"]
[Annotator "TA"]
[PlyCount "92"]
[EventDate "2018.12.30"]
[EventType "swiss"]
[EventCountry "IND"]
[SourceTitle "playchess.com"]
[Source "ChessBase"]
[SourceQuality "1"]

{[%evp 11,92,-12,-8,-10,-6,-142,-156,-168,-178,-140,-151,-166,-179,-190,-187,-192,-181,-303,-295,-306,-285,-301,-272,-286,-292,-341,-337,-337,-354,-344,-347,-298,-275,-289,-285,-402,-399,-391,-290,-300,-294,-297,-269,-232,-279,-287,-259,-249,-283,-264,0,0,0,0,0,0,0,0,0,0,0,0,0,0,0,0,0,0,0,0,0,0,0,0,0,0,0,0,0,0,0,0,0]} 1. c4 Nf6 2. Nc3 e6 3. e4 e5 4. g3 (4. Nf3 Nc6 5. Be2 Bb4 6. Nd5 Bc5 7. d3 h6 8. a3 d6 9. b4 Bb6 10. Nxb6 axb6 11. Bb2 O-O 12. O-O Re8 {½-½ (40) Delchev,A (2598)-Papaioannou,I (2632) Porto Rio 2015}) 4... Nc6 5. Bg2 Bc5 6. Nge2 {A18: English Opening: Flohr-Mikenas System (1 c4 Nf6 2 Nc3 e6 3 e4)} d6 {LiveBook: 5 Games} 7. O-O h5 $146 {[%cal Bh7h5,Bh5h4][%mdl 32] White should prevent ...h4.} ({Predecessor:} 7... Nd4 8. d3 h5 9. Nxd4 Bxd4 10. Bg5 c6 11. Qd2 Be6 12. Rac1 Qd7 13. Ne2 Nh7 14. Be3 {½-½ (28) Walker,D (2259)-Radovanovic,J (2328) Scarborough 2013}) 8. Na4 (8. h3 $1 $11 {remains equal.}) 8... h4 $1 $17 9. Nxc5 dxc5 10. d3 hxg3 11. hxg3 Bh3 12. Bxh3 Rxh3 13. Kg2 Qd7 $36 {[%mdl 2048] Black is in control.} 14. Bg5 {[#]} (14. Rh1 $142 Rxh1 15. Qxh1) 14... O-O-O $1 $19 15. Bxf6 gxf6 16. Qd2 Rdh8 17. Rh1 {[#]} Nb4 $1 18. Rad1 Rxh1 (18... Nxa2 $2 19. Qe3 $19) (18... Nxd3 $2 19. Rxh3 Qxh3+ 20. Kf3 $17) 19. Rxh1 Rxh1 20. Kxh1 Qxd3 21. Qh6 Qxe4+ ({Weaker is} 21... Qxe2 22. Qf8+ Kd7 23. Qxf7+ Kd6 24. Qxf6+ Kd7 25. Qf7+ Kd6 26. Qf6+ Kd7 27. Qf7+ Kd8 28. Qf8+ Kd7 29. Qf7+ $11) 22. Kg1 Qxc4 ({Stronger than} 22... Qxe2 23. Qf8+ Kd7 24. Qxf7+ Kd8 25. Qxf6+ Ke8 26. Qh8+ Kf7 27. Qh7+ Kf8 28. Qh6+ Ke7 29. Qg7+ Kd6 30. Qg6+ Ke7 31. Qh7+ Kd6 32. Qg6+ Ke7 33. Qg7+ Kd8 34. Qg8+ Ke7 35. Qg7+ $11) 23. Qf8+ Kd7 24. Nc3 Nxa2 25. Nb5 Qxb5 26. Qxf7+ Kd6 27. Qxf6+ Kd5 28. Qf7+ Kd4 29. Qxa2 {[%mdl 4096] Endgame KQ-KQ} a5 30. Qa3 c4 $2 ({Black should play} 30... Qb4 $19 {aiming for ...Qxa3.} 31. Qe3+ Kc4 32. Qe2+ Kb3) 31. Qe3+ {The position is equal.} Kd5 32. Qd2+ Kc5 {And now ...b6 would win.} 33. Qe3+ $1 Kd6 (33... Kc6 $5 34. Qh6+ $8 Kd7 35. Qg7+ Kc6 36. Qh6+ Kd5 37. Qd2+ Kc6 38. Qh6+ $11) 34. Qh6+ $1 Ke7 (34... Kc5 $5 35. Qe3+ $8 Kd6 36. Qh6+ Kd5 37. Qd2+ Kc6 38. Qh6+ Kc5 39. Qe3+ $11) 35. Qg7+ Ke6 (35... Kd6 $5 36. Qh6+ $8 Kd7 37. Qh3+ Ke7 38. Qh7+ Ke6 39. Qh6+ Kf5 40. Qh7+ Kf6 41. Qh6+ Kf7 42. Qh5+ Ke6 43. Qh6+ Kd5 44. Qd2+ Ke6 45. Qh6+ $11) 36. Qh6+ $1 Kf5 (36... Kd5 $5 37. Qd2+ $8 Ke6 38. Qh6+ Kf7 39. Qh7+ Kf6 40. Qh6+ Kf7 41. Qh7+ Ke8 42. Qh8+ Kd7 43. Qg7+ Kd8 44. Qf6+ Kd7 45. Qg7+ Ke6 46. Qh6+ $11) 37. Qh5+ Ke4 38. Qe2+ Kd5 {Hoping for ...Qb3.} (38... Kf5 $5) 39. Qd2+ Kc6 {Strongly threatening ...Qd5.} (39... Kc5 $5 40. Qe3+ $8 Kc6 41. Qh6+ Kd7 42. Qh3+ Kd6 43. Qh6+ Kd5 44. Qd2+ $11) 40. Qh6+ Kd7 (40... Kc5 $5 41. Qe3+ $8 Kd6 42. Qh6+ Kd7 43. Qh7+ Kd6 44. Qh6+ $11) 41. Qg7+ Kd8 (41... Kc6 $5 42. Qh6+ $8 Kd7 43. Qg7+ Kc6 44. Qh6+ $11) 42. Qf6+ Kc8 (42... Kd7 $5 {[%cal Rb5b2]} 43. Qg7+ Ke6 44. Qh6+ Ke7 45. Qg7+ Kd6 46. Qh6+ Kd7 47. Qh3+ Kc6 48. Qh6+ Kd5 49. Qd2+ $11) 43. Qf8+ Kd7 44. Qg7+ $1 Kd6 45. Qh6+ $1 Kc5 (45... Kd5 $5 46. Qd2+ $8 $11) 46. Qe3+ $1 Kd5 {Accuracy: White = 70%, Black = 65%.} (46... Kc6 $5 47. Qh6+ $8 Kd5 48. Qd2+ $11) 1/2-1/2

[Event "IIFL Wealth 4th Mumbai GM"]
[Site "Mumbai"]
[Date "2019.01.07"]
[Round "9"]
[White "Ameir, Moheb"]
[Black "Thrish Karthik"]
[Result "0-1"]
[WhiteElo "2327"]
[BlackElo "2168"]
[Annotator "NA"]
[PlyCount "52"]
[EventDate "2018.12.30"]
[EventType "swiss"]
[EventCountry "IND"]
[SourceTitle "playchess.com"]
[Source "ChessBase"]
[SourceQuality "1"]
[TimeControl "40/5400+30:1800+30"]

1. e4 {[%emt 0:00:00]} e5 {[%emt 0:00:00]} 2. Nf3 {[%emt 0:00:00]} d6 {[%emt 0:00:00]} 3. d4 {[%emt 0:00:31]} exd4 {[%emt 0:00:00]} 4. Nxd4 {[%emt 0:03:16]} Nf6 {[%emt 0:00:50]} 5. Nc3 {[%emt 0:00:19]} Be7 {[%emt 0:00:05]} 6. Be2 {[%emt 0:03:51]} O-O {[%emt 0:00:08]} 7. O-O {[%emt 0:00:17]} Re8 {[%emt 0:00:06]} 8. f4 {[%emt 0:00:59]} Bf8 {[%emt 0:02:04]} 9. Bf3 {[%emt 0:00:13]} c6 {[%emt 0:04:12]} 10. Re1 {[%emt 0:04:16]} Na6 {[%emt 0:07:24]} 11. Be3 {[%emt 0:01:06]} Nc7 {[%emt 0:04:31]} 12. a4 {[%emt 0:13:11]} d5 {[%emt 0:06:47]} 13. e5 {[%emt 0:02:01]} Nd7 {[%emt 0:01:42]} 14. Bf2 {[%emt 0:04:10]} g6 {[%emt 0:05:24]} 15. Qd2 {[%emt 0:08:08]} Bh6 {[%emt 0:00:58]} 16. Be3 {[%emt 0:11:15]} c5 {[%emt 0:01:40]} 17. Nxd5 {[%emt 0:00:49]} cxd4 {[%emt 0:06:40]} 18. Qxd4 {[%emt 0:00:23]} Nxd5 {[%emt 0:03:53]} 19. Qxd5 {[%emt 0:03:41]} Nb6 {[%emt 0:10:58]} 20. Qxd8 {[%emt 0:06:11]} Rxd8 {[%emt 0:00:09]} 21. g3 {[%emt 0:02:57]} Nc4 {[%emt 0:07:14]} 22. Bc1 {[%emt 0:03:04]} Bf8 {[%emt 0:09:26]} 23. b3 {[%emt 0:01:01]} Nd2 {[%emt 0:10:15]} 24. Bxd2 {[%emt 0:01:50]} Rxd2 {[%emt 0:00:08]} 25. Rad1 {[%emt 0:00:45]} Bc5+ {[%emt 0:01:22]} 26. Kh1 {[%emt 0:00:10]} Rf2 {[%emt 0:03:27]} 0-1

[Event "IIFL Wealth 4th Mumbai GM"]
[Site "Mumbai"]
[Date "2019.01.07"]
[Round "9"]
[White "Pranav, V."]
[Black "Snehal, Bhosale"]
[Result "1-0"]
[WhiteElo "2318"]
[BlackElo "2135"]
[Annotator "NA"]
[PlyCount "69"]
[EventDate "2018.12.30"]
[EventType "swiss"]
[EventCountry "IND"]
[SourceTitle "playchess.com"]
[Source "ChessBase"]
[SourceQuality "1"]
[TimeControl "40/5400+30:1800+30"]

1. d4 {[%emt 0:00:00]} Nf6 {[%emt 0:00:08]} 2. Nc3 {[%emt 0:00:00]} d5 {[%emt 0:00:55]} 3. Bf4 {[%emt 0:00:00]} g6 {[%emt 0:01:06]} 4. e3 {[%emt 0:00:07]} Bg7 {[%emt 0:00:24]} 5. h4 {[%emt 0:00:27]} c6 {[%emt 0:01:25]} 6. Be2 {[%emt 0:00:22]} h5 {[%emt 0:01:26]} 7. Nf3 {[%emt 0:02:12]} O-O {[%emt 0:08:46]} 8. Bd3 {[%emt 0:02:46]} Ng4 {[%emt 0:08:22]} 9. Ne5 {[%emt 0:02:06]} Nxe5 {[%emt 0:02:03]} 10. Bxe5 {[%emt 0:00:18]} Bxe5 {[%emt 0:09:05]} 11. dxe5 {[%emt 0:00:18]} Qb6 $15 {[%emt 0:02:36]} 12. Qd2 {[%emt 0:03:52]} Nd7 {[%emt 0:16:11]} 13. f4 {[%emt 0:02:18]} Nc5 {[%emt 0:01:10]} 14. O-O-O {[%emt 0:07:30]} Nxd3+ {[%emt 0:01:51]} 15. Qxd3 {[%emt 0:00:21]} Bg4 {[%emt 0:00:14]} 16. Rd2 {[%emt 0:00:36]} Rfd8 {[%emt 0:00:54]} 17. Nd1 {[%emt 0:02:42]} c5 {[%emt 0:04:49]} 18. Nf2 {[%emt 0:01:09]} Bf5 {[%emt 0:01:16]} 19. Qb3 {[%emt 0:06:53]} Qxb3 {[%emt 0:02:20]} 20. axb3 {[%emt 0:02:28]} a5 {[%emt 0:02:02]} 21. Rhd1 {[%emt 0:00:59]} Be6 {[%emt 0:00:22]} 22. c4 {[%emt 0:11:39]} a4 {[%emt 0:05:50]} 23. Kc2 {[%emt 0:01:18]} axb3+ {[%emt 0:08:53]} 24. Kc3 {[%emt 0:00:18]} d4+ {[%emt 0:01:41]} 25. exd4 {[%emt 0:00:14]} cxd4+ {[%emt 0:00:04]} 26. Rxd4 {[%emt 0:00:07]} Rxd4 {[%emt 0:05:28]} 27. Rxd4 {[%emt 0:00:06]} Ra1 {[%emt 0:00:08]} 28. Nd3 {[%emt 0:01:21]} b6 {[%emt 0:01:30]} 29. Kb4 {[%emt 0:04:19]} Rd1 {[%emt 0:03:17]} 30. Kxb3 {[%emt 0:02:26]} Rd2 {[%emt 0:03:18]} 31. Kc3 {[%emt 0:00:38]} Rxg2 {[%emt 0:00:05]} 32. b4 {[%emt 0:00:05]} Rh2 {[%emt 0:01:49]} 33. c5 {[%emt 0:01:25]} bxc5 {[%emt 0:00:16]} 34. bxc5 {[%emt 0:00:41]} Rxh4 {[%emt 0:03:50]} 35. c6 {[%emt 0:00:07]} 1-0

[Event "IIFL Wealth 4th Mumbai GM"]
[Site "Mumbai"]
[Date "2019.01.07"]
[Round "9"]
[White "Srihari L R"]
[Black "Pranesh M"]
[Result "1/2-1/2"]
[WhiteElo "2316"]
[BlackElo "2125"]
[Annotator "TA"]
[PlyCount "80"]
[EventDate "2018.12.30"]
[EventType "swiss"]
[EventCountry "IND"]
[SourceTitle "playchess.com"]
[Source "ChessBase"]
[SourceQuality "1"]

{[%evp 20,80,32,30,34,32,35,32,74,79,66,82,79,74,68,41,50,41,50,40,33,52,59,61,66,71,74,73,72,69,57,57,57,59,83,13,41,38,38,38,38,43,41,43,43,43,19,0,0,0,0,-171,-171,-161,-152,-143,-120,-136,0,0,0,0,0]} 1. d4 Nf6 2. c4 e6 3. Nf3 b6 4. g3 Bb7 5. Bg2 Be7 6. O-O O-O 7. Nc3 d6 8. b3 Ne4 9. Bb2 Nd7 {[%cal Bb8d7,Bd7f6,Bf6e4][%mdl 32]} 10. Qc2 Nxc3 {E17: Queen's Indian: 4 g3 Bb7 5 Bg2 Be7} 11. Bxc3 {LiveBook: 8 Games} f5 12. Ne1 {[%cal Bf3e1,Be1g2,Bg2f4][%mdl 32]} (12. d5 e5 13. Bh3 g6 14. e4 f4 15. b4 Bc8 16. Be6+ Kg7 17. g4 h6 18. h3 Nf6 19. Bxc8 Qxc8 20. Kh2 Nxg4+ 21. hxg4 Qxg4 {½-½ (21) Zhou,J (2635)-Wang,Y (2723) Shenzhen 2016}) 12... Bxg2 {White is slightly better.} 13. Nxg2 g5 $146 ({Predecessor:} 13... Bg5 14. f4 Bf6 15. e4 g6 16. Rad1 Bg7 17. e5 Qe7 18. Bb4 {0-1 (48) De Bruycker,B (2216)-Dorenberg,G (2365) Gent 2000}) 14. f4 Nf6 15. fxg5 Ne4 16. Nf4 Qd7 17. d5 exd5 18. cxd5 Bxg5 19. Bd4 Bxf4 20. Rxf4 Ng5 21. Rh4 Qf7 $1 22. Qd2 Qg6 23. Rf1 Rae8 24. Kh1 Re4 25. Rhf4 Rf7 26. Qd3 {Strongly threatening g4!} Qh5 27. e3 ({Better is} 27. Rxf5 $16 Rxf5 28. Rxf5 Rxe2 29. h4) 27... Nh3 (27... Rxf4 {feels hotter.} 28. Rxf4 Nh3 29. Rf1 Qg4 30. b4 h5) 28. Qxe4 fxe4 29. Rxf7 Qxf7 30. Rxf7 Kxf7 $14 {[%mdl 4096] Endgame KB-KN} 31. Kg2 Ng5 32. g4 Nf3 33. Bc3 Nh4+ 34. Kg3 Ng6 35. h4 $2 {[#]} (35. Bd2 $11 {and White is okay.}) 35... Ne7 $19 36. Bd2 Nxd5 37. g5 c5 38. Kg4 {[#]} Ne7 (38... b5 $1 $17 {And now ...c4 would win.} 39. Kf5 c4 40. bxc4 bxc4) 39. h5 $1 $11 d5 40. Kf4 Ke6 {Precision: White = 82%, Black = 63%.} 1/2-1/2

[Event "IIFL Wealth 4th Mumbai GM"]
[Site "Mumbai"]
[Date "2019.01.07"]
[Round "9"]
[White "Elgabry, Mohsen"]
[Black "Chowdhury, Sohel"]
[Result "1-0"]
[WhiteElo "2305"]
[BlackElo "2012"]
[Annotator "TA"]
[PlyCount "119"]
[EventDate "2018.12.30"]
[EventType "swiss"]
[EventCountry "IND"]
[SourceTitle "playchess.com"]
[Source "ChessBase"]
[SourceQuality "1"]

{[%evp 21,119,-20,-16,-66,-55,-59,-61,-84,0,0,0,0,0,0,0,0,0,0,0,0,0,0,0,0,0,0,0,0,0,0,0,0,8,0,0,0,12,0,24,0,0,0,0,0,0,0,37,38,38,38,45,0,0,0,0,0,0,0,0,0,0,0,0,0,8,0,79,85,173,173,173,173,173,93,173,173,173,110,29953,29962,29953,29964,29964,29965,29974,29976,29988,29979,29981,29982,29982,29983,29983,29983,29984,29985,29985,29984,29986,29987]} 1. Nf3 d5 2. g3 c6 3. Bg2 Bf5 4. d3 Nf6 5. b3 h6 6. Bb2 e6 7. O-O Nbd7 8. Nbd2 Be7 9. c4 O-O 10. a3 a5 11. Re1 Bh7 {LiveBook: 28 Games} 12. e4 {A12: English Opening: 1...c6 with b3 by White} (12. Qc2 Bd6 13. Nh4 Re8 14. Rad1 Qe7 15. Qc1 Rad8 16. Qa1 e5 17. cxd5 cxd5 18. Bh3 Bc5 19. d4 exd4 {½-½ (36) Mozharov,M (2573)-Grachev,B (2649) Moscow 2015}) 12... dxe4 13. dxe4 Nc5 14. Ne5 {Black is slightly better.} Nd3 $146 (14... Nfd7 $17 {...Nxe5 is the strong threat.} 15. Nxd7 Qxd7) ({Predecessor:} 14... Qb6 15. Qc2 Rfd8 16. Rad1 Bd6 17. Nef3 Ng4 18. Re2 {0-1 (53) Ebert,M (2124)-Pieper Emden,C (2164) Germany 2014}) 15. Nxd3 $11 Qxd3 16. e5 Nd7 17. Be4 Bxe4 18. Nxe4 Nc5 19. Nxc5 Qxd1 20. Rexd1 Bxc5 21. Rd7 Rfd8 22. Rad1 Rxd7 23. Rxd7 {[%mdl 4096] Endgame KRB-KRB} Rb8 24. Bc3 Bxa3 25. Bxa5 b5 26. Bc7 Rb7 27. Rd8+ Kh7 28. Bd6 c5 29. Ra8 Bb2 30. Rc8 bxc4 31. bxc4 Bd4 32. Bxc5 Bxe5 33. Be3 Rc7 (33... g5 {is interesting.} 34. Rc5 Bf6 35. Rb5 Rc7 36. c5 Kg6) 34. Rxc7 Bxc7 $14 {KB-KB} 35. Kf1 Kg6 36. Ba7 {Hoping for c5.} Kf6 37. Ke2 e5 38. h3 h5 39. Kd3 Ke6 40. g4 hxg4 41. hxg4 g6 42. g5 Kf5 43. Be3 Bd8 (43... Ke6 $11) 44. c5 $16 {[%cal Bc4c5,Bc5c6][%mdl 32] Threatens to win with Kc4.} Ke6 (44... e4+ $16 {is a better defense.} 45. Kd4 Ke6 46. Kxe4 Kd7) 45. Kc4 $1 $18 {aiming for c6.} f5 {next ...f4 is good for Black.} 46. gxf6 $1 Bxf6 47. Kb5 (47. f3 $1 $18) 47... Kd7 (47... e4 $16 {was necessary.} 48. c6 Bh8) 48. c6+ Kc7 49. Kc5 ({Better is} 49. Bb6+ $18 Kd6 50. f3) 49... g5 $2 {[%mdl 8192] [#]} (49... e4 $16) 50. f3 $1 {White mates.} Be7+ {[#]} 51. Kd5 $1 Bd8 52. Bc5 Bf6 53. Bd6+ Kb6 54. Bxe5 Bxe5 55. Kxe5 Kxc6 {KP-KP} 56. Kf5 Kd6 57. Kxg5 Ke7 58. Kg6 Kf8 59. Kf6 Kg8 60. f4 {Accuracy: White = 76%, Black = 58%.} 1-0

[Event "IIFL Wealth 4th Mumbai GM"]
[Site "Mumbai"]
[Date "2019.01.07"]
[Round "9"]
[White "Srijit Paul"]
[Black "Gajek, Radoslaw"]
[Result "0-1"]
[WhiteElo "2298"]
[BlackElo "2475"]
[Annotator "TA"]
[PlyCount "102"]
[EventDate "2018.12.30"]
[EventType "swiss"]
[EventCountry "IND"]
[SourceTitle "playchess.com"]
[Source "ChessBase"]
[SourceQuality "1"]

{[%evp 18,102,73,31,37,33,48,58,52,61,56,50,41,45,61,56,76,39,43,34,33,0,0,0,0,0,0,-106,-93,-178,-181,-174,-181,-272,-258,-268,-230,-263,-245,-279,-259,-265,-274,-294,95,95,110,120,181,185,427,455,1000,948,841,616,605,294,324,58,64,49,46,16,16,26,33,33,32,30,28,0,0,0,0,0,0,0,0,0,0,-165,-171,-164,-172,-503,-502]} 1. e4 c5 2. Nf3 e6 3. d3 Nc6 4. g3 d5 5. Nbd2 g6 6. Bg2 Bg7 7. O-O Nge7 8. Re1 O-O 9. c3 b5 10. e5 {LiveBook: 5 Games} b4 {A08: King's Indian Attack} 11. Nb3 bxc3 (11... c4 12. dxc4 dxc4 13. Nbd4 Rb8 14. Bg5 Qc7 15. Nxc6 Nxc6 16. Bf6 bxc3 17. bxc3 Bb7 18. Ng5 {½-½ (32) Aronian,L (2797)-Nakamura,H (2767) Saint Louis 2014}) 12. bxc3 Qc7 {[%cal Rc6e5] White is slightly better.} 13. d4 cxd4 $146 ({Predecessor:} 13... c4 14. Nc5 Qa5 15. a4 Qxc3 16. Bd2 Qb2 17. Rb1 Qa3 18. Re3 {1-0 (26) Goncalves,R (1773)-Liebl,F Sao Bento do Sul 2013}) 14. cxd4 Ba6 15. Ba3 Rfc8 16. Bd6 Qb6 17. Rb1 {Threatens to win with Nc5.} Nf5 18. Bc5 Qd8 $1 19. g4 Nh4 20. Nxh4 Qxh4 21. f4 Rab8 22. Qf3 (22. Re3 $11 {remains equal.}) 22... Bc4 23. Bf1 (23. Red1 $17) 23... Bxb3 $19 24. axb3 Bf8 25. h3 (25. Re3 $142) 25... Bxc5 26. dxc5 Rb4 27. Bg2 Qe7 28. Qf2 Nd4 29. Rec1 Rxc5 30. Kh1 Rxb3 $2 (30... Rxc1+ $19 31. Rxc1 Nxb3) 31. Qxd4 $16 Rc4 32. Qd2 $1 Qc5 (32... Qc7 $16 {might work better.} 33. Ra1 (33. Rxb3 Rxc1+ 34. Kh2 Rc2 $16) 33... Rd3) 33. f5 $18 exf5 $2 (33... Qe3 34. Qxe3 Rxe3) 34. gxf5 (34. Rxb3 Rxc1+ 35. Kh2 fxg4 $11) 34... gxf5 (34... Rc2 $142 35. Rxc2 Rxb1+ 36. Kh2 Qg1+ 37. Kg3 Rb3+ 38. Kh4 Qe3 39. Qxe3 Rxe3) 35. Rg1 Rxb1 36. Rxb1 {Qg5+ would kill now.} f4 37. Bf3 (37. Bf1 $142 Rc2 38. Rb8+ Kg7 39. Qxf4) 37... Kf8 38. Qe1 $2 ({Not} 38. Bxd5 Rd4 $16) ({Don't take} 38. Qxd5 $6 Qxd5 39. Bxd5 Rc5 $18) (38. e6 $18 fxe6 39. Qb2) 38... Qe3 39. Rb8+ Kg7 40. Qg1+ Kh6 $1 41. Qxe3 fxe3 $11 {[%mdl 4096] Endgame KRB-KR} 42. Kg2 d4 43. Be2 Rc5 44. Re8 Rc2 45. Kf3 Rd2 46. Rd8 a5 {[%cal Ba7a5,Ba5a4,Ba4a3,Ba3a2][%mdl 32]} 47. Rd7 a4 48. Bc4 a3 49. Ra7 $2 (49. Rxf7 $11 {and White stays safe.} e2 50. Kf4 (50. Bxe2 d3 $11)) 49... Rf2+ $19 {[%mdl 1024] Black has strong compensation.} 50. Kg3 {[#]} Rc2 $1 {[%cal Rc2c4]} 51. Ra4 $2 {[#]} (51. Ra6+ {is tougher.} Kg7 52. Bd3) 51... a2 $1 {[%mdl 512] Precision: White = 44%, Black = 62%.} 0-1

[Event "IIFL Wealth 4th Mumbai GM"]
[Site "Mumbai"]
[Date "2019.01.07"]
[Round "9"]
[White "Sangma, Rahul"]
[Black "Mohammad Nubairshah Shaikh"]
[Result "0-1"]
[WhiteElo "2289"]
[BlackElo "2437"]
[Annotator "TA"]
[PlyCount "66"]
[EventDate "2018.12.30"]
[EventType "swiss"]
[EventCountry "IND"]
[SourceTitle "playchess.com"]
[Source "ChessBase"]
[SourceQuality "1"]

{[%evp 22,66,15,-6,34,6,11,7,19,-2,50,38,43,-4,0,-8,-11,-27,-7,-15,4,12,15,-41,-42,-43,-30,-21,-12,-15,-14,-16,0,-23,-16,-110,-108,-187,-32,-28,0,-287,-337,-29987,-29988,-29988,-29989]} 1. c4 g6 2. Nf3 Nf6 3. b3 Bg7 4. Bb2 O-O 5. g3 c6 6. Bg2 d5 7. O-O a5 8. Nc3 Ne4 9. d4 Bf5 10. Nh4 {D78: Fianchetto Grünfeld: 6 0-0 c6} (10. Ne5 Nxc3 11. Bxc3 Be6 12. cxd5 cxd5 13. Rc1 Nc6 14. e3 Bxe5 15. dxe5 Qd7 16. Qd3 d4 17. exd4 Bd5 {1-0 (63) Ding,L (2777)-Andreikin,D (2712) Huaian 2017}) 10... Nxc3 11. Bxc3 Be6 12. Qd3 {LiveBook: 16 Games. The position is equal.} Na6 13. cxd5 cxd5 14. Qd2 $146 ({Predecessor:} 14. Rfc1 Nb4 15. Qd2 Nc6 16. e3 a4 17. Bf1 Bd7 {½-½ (27) Lazic,M (2464)-Popovic,P (2446) Ruma 2017}) 14... Nb8 15. f4 Bf5 ({Black should play} 15... Qd7 $11) 16. Nxf5 $14 gxf5 17. g4 fxg4 18. f5 Kh8 19. e4 dxe4 20. f6 exf6 21. Bxe4 Nc6 22. Qf4 (22. d5 $11 Ne5 23. Rad1) 22... Nxd4 $15 23. Kh1 $1 {[#] Black must now prevent Bxd4.} ({Don't go for} 23. Qxg4 $2 f5 $1 $19 {[%mdl 512]}) 23... f5 $1 {[%cal Rf5e4]} 24. Bxd4 (24. Bxf5 Nxf5) 24... Bxd4 25. Qxf5 {[%csl Ge4][%cal Rf5h7]} Qh4 26. Rad1 Rad8 27. Rf4 Bc3 28. Bd3 (28. Rxd8 $11 Rxd8 29. Rxg4 Rd1+ 30. Rg1 Rxg1+ 31. Kxg1) 28... Rg8 $17 {And now ...Rg5 would win.} 29. Rdf1 {[#]} (29. Be2 $17) 29... Rg5 $2 (29... f6 $1 $19 {...Rg5 is the strong threat.} 30. R4f2 Be5) 30. Qxf7 $15 {Qc7 would kill now.} Qh3 $40 {[%mdl 128] White needs to defend precisely.} ({Don't blunder} 30... Rxd3 $2 31. Qe8+ Rg8 32. Rf8 $18) 31. Qe7 $2 {[%mdl 8192]} (31. Bf5 $11) 31... Rdg8 32. Rf8 $2 {[#]} (32. Qd7 $19 Qh6 33. Rf7) 32... g3 $1 {[%csl Gg3][%cal Rh3h2][%mdl 512]} 33. Rxg8+ Rxg8 {Accuracy: White = 24%, Black = 41%.} 0-1